Serveis d’assistència tècnica : serveis de qualitat serveis de qualitat
Publicado:
Barcelona :
Diputació de Barcelona. Àrea de Salut Pública i Consum. Xarxa Local de Consum, DL 2004
Descripción Física:
1 díptic ; 21 cm + 1 fly ; 21 cm
MARC
| LEADER | 00000nam a2200000Ia 4500 | ||
|---|---|---|---|
| 001 | 24364 | ||
| 008 | 160829s9999 xx 000 0 cat d | ||
| 080 | |a FU-64-171 | ||
| 245 | |a Serveis d’assistència tècnica : |b serveis de qualitat | ||
| 260 | |a Barcelona : |b Diputació de Barcelona. Àrea de Salut Pública i Consum. Xarxa Local de Consum, DL 2004 | ||
| 300 | |a 1 díptic ; |c 21 cm + 1 fly ; |c 21 cm | ||
| 590 | |a En el tríptic conté informació bàsica sobre establiments destinats a la prestació de serveis d'assistència tècnica a domicili i al fly la normativa aplicable | ||
| 650 | |a Serveis d'atenció al client |x Dret i legislació |x Espanya |9 50381 | ||
| 650 | 0 | |a Consumidors |x Protecció |x Dret i legislació |9 49778 | |
| 710 | 1 | |a Barcelona (Catalunya : Província). |b Xarxa Local de Consum |9 52772 | |
| 901 | |a Arxiu | ||
| 942 | |n 1 | ||
| 952 | |0 0 |1 0 |4 0 |6 FU64171 |7 1 |9 56003 |a Arxiu |b Arxiu |d 2016-12-01 |l 0 |o FU-64-171 |p 24364 |r 2016-12-01 00:00:00 |w 2016-12-01 |y ARXIU | ||
| 999 | |c 59877 |d 59877 | ||